000 00349nam a2200145Ia 4500
003 OSt
005 20240213143436.0
008 170524s9999 xx 000 0 und d
020 _a978-8182835955
040 _cIIMT UNIVERSITY
100 _aSINGH
245 0 _aLASER SYSTEMS AND APPLICATIONS
260 _bNEW DELHI: VAYU EDUCATION
942 _2ddc
_c02
999 _c7584
_d7584